000
00220nam a22000857a 4500
008
160712b xxu||||| |||| 00| 0 eng d
100
_9
2616
_a
McGee, J.V
245
_a
The Best Love
260
_a
Cali
_b
Thru The Bible Book
_c
1977
999
_c
2271
_d
2271